ბათუმის შოთა რუსთაველის სახელმწიფო უნივერსიტეტის ბიბლიოთეკა

Everyday Life in Ancient Greece / (ბიბ.ჩანაწერი № 60527)

000 -LEADER
fixed length control field 00597nam a22001817a 4500
003 - CONTROL NUMBER IDENTIFIER
control field Ge_BSU
005 - DATE AND TIME OF LATEST TRANSACTION
control field 20230811152140.0
008 - FIXED-LENGTH DATA ELEMENTS--GENERAL INFORMATION
fixed length control field 230811s1933 enk||||| |||| 00| 0 eng d
020 ## - INTERNATIONAL STANDARD BOOK NUMBER
International Standard Book Number 0404145922
041 ## - LANGUAGE CODE
Language code of text/sound track or separate title eng
080 ## - UNIVERSAL DECIMAL CLASSIFICATION NUMBER
Universal Decimal Classification number 94(38) R-67
100 ## - MAIN ENTRY--PERSONAL NAME
Personal name Robinson, Cyril Edward
9 (RLIN) 19667
245 ## - TITLE STATEMENT
Title Everyday Life in Ancient Greece /
Statement of responsibility, etc. Cyril Edward Robinson.
264 ## - PRODUCTION, PUBLICATION, DISTRIBUTION, MANUFACTURE, AND COPYRIGHT NOTICE
Place of production, publication, distribution, manufacture Oxford :
Name of producer, publisher, distributor, manufacturer At the clarendon Press,
Date of production, publication, distribution, manufacture, or copyright notice 1933.
300 ## - PHYSICAL DESCRIPTION
Extent 159 p.:
Other physical details ill.;
Dimensions 19 cm.
653 ## - INDEX TERM--UNCONTROLLED
keyword ყოველდღიური ცხოვრება ძველ საბერძნეთში
942 ## - ADDED ENTRY ELEMENTS (KOHA)
Source of classification or shelving scheme
Koha item type წიგნი
ეგზემპლარები
Withdrawn status Lost status Source of classification or shelving scheme Damaged status Not for loan Permanent Location Current Location Shelving location Date acquired Cost, normal purchase price Full call number Barcode Date last seen Copy number Price effective from Koha item type Public note
          ბათუმის შოთა რუსთაველის სახელმწიფო უნივერსიტეტის მთავარი ბიბლიოთეკა ბათუმის შოთა რუსთაველის სახელმწიფო უნივერსიტეტის მთავარი ბიბლიოთეკა წიგნსაცავი 2023-08-11 10.00 94(38) R-67 65169 2023-08-11 65169 2023-08-11 წიგნი 10 ლ.